Catalogo de microfilmes : (Registro nro. 7525)
[ vista simple ]
| 000 -LEADER | |
|---|---|
| fixed length control field | 01469cam a2200265 a 4500 |
| 005 - DATE AND TIME OF LATEST TRANSACTION | |
| control field | 20250329172023.0 |
| 007 - PHYSICAL DESCRIPTION FIXED FIELD--GENERAL INFORMATION | |
| fixed length control field | ta |
| 008 - FIXED-LENGTH DATA ELEMENTS--GENERAL INFORMATION | |
| fixed length control field | 991122s1997 ck bc 000 0 spa |
| 020 ## - INTERNATIONAL STANDARD BOOK NUMBER | |
| International Standard Book Number | 9589412238 |
| 040 ## - CATALOGING SOURCE | |
| Original cataloging agency | CO-CtgCURN |
| Language of cataloging | spa |
| Transcribing agency | coctgcurn |
| 082 00 - DEWEY DECIMAL CLASSIFICATION NUMBER | |
| Classification number | R015.861 |
| Item number | L864 |
| 100 1# - MAIN ENTRY--PERSONAL NAME | |
| Personal name | López Dominguez, Luis Horacio. |
| 245 10 - TITLE STATEMENT | |
| Title | Catalogo de microfilmes : |
| Remainder of title | publicaciones seriadas de Manizales siglos XIX-XX / |
| Statement of responsibility, etc. | Luis Horacio López Dominguez. |
| 260 #1 - PUBLICATION, DISTRIBUTION, ETC. | |
| Place of publication, distribution, etc. | Bogotá : : |
| Name of publisher, distributor, etc. | Disloque,, |
| Date of publication, distribution, etc. | 1997. |
| 300 ## - PHYSICAL DESCRIPTION | |
| Extent | xvi, 85 p. ; |
| Dimensions | 24 cm. |
| 500 ## - GENERAL NOTE | |
| General note | De los Fondos de Prensa de la Hemeroteca Nacional "Manuel del Socorro Rodríguez", Biblioteca Nacional de Colombia. Con el apoyo tecnico del Archivo General de la Nacion. |
| 650 14 - SUBJECT ADDED ENTRY--TOPICAL TERM | |
| Topical term or geographic name entry element | Publicaciones periodicas en español |
| Geographic subdivision | Colombia |
| -- | Manizales |
| Form subdivision | Bibliografia |
| -- | Catalogos de microformas. |
| 650 14 - SUBJECT ADDED ENTRY--TOPICAL TERM | |
| Topical term or geographic name entry element | Publicaciones seriadas |
| Geographic subdivision | Colombia |
| -- | Manizales |
| Form subdivision | Bibliografia |
| -- | Catalogos de microformas. |
| 650 14 - SUBJECT ADDED ENTRY--TOPICAL TERM | |
| Topical term or geographic name entry element | Publicaciones periodicas en español |
| Geographic subdivision | Colombia |
| -- | Manizales |
| General subdivision | Historia |
| Chronological subdivision | Siglo XIX |
| Form subdivision | Bibliografia |
| -- | Catalogos de microformas. |
| 650 14 - SUBJECT ADDED ENTRY--TOPICAL TERM | |
| Topical term or geographic name entry element | Publicaciones periodicas en español |
| Geographic subdivision | Colombia |
| -- | Manizales |
| General subdivision | Historia |
| Chronological subdivision | Siglo XX |
| Form subdivision | Bibliografia |
| -- | Catalogos de microformas. |
| 610 20 - SUBJECT ADDED ENTRY--CORPORATE NAME | |
| Corporate name or jurisdiction name as entry element | Biblioteca Nacional de Colombia |
| Form subdivision | Catalogos de microformas. |
| 710 2# - ADDED ENTRY--CORPORATE NAME | |
| Corporate name or jurisdiction name as entry element | Hemeroteca Nacional de Colombia Manuel del Socorro Rodríguez. |
| 942 ## - ADDED ENTRY ELEMENTS (KOHA) | |
| Koha item type | Diccionarios |
| Classification part | R015.861 |
| Item part | L864 |
| Withdrawn status | Lost status | Source of classification or shelving scheme | Damaged status | Not for loan | Collection | Home library | Current library | Shelving location | Date acquired | Inventory number | Total checkouts | Full call number | Barcode | Date last seen | Copy number | Price effective from | Koha item type | Public note |
|---|---|---|---|---|---|---|---|---|---|---|---|---|---|---|---|---|---|---|
| Dewey Decimal Classification | Referencia | Miguel Henríquez Castañeda | Miguel Henríquez Castañeda | 06/22/2017 | 016038 | R015.861 L864 | 016038 | 03/29/2025 | ej.1 | 03/29/2025 | Diccionarios | 010-BIBLIO |